00361nam a2200145Ia 4500008004100000020001800041041000800059082001800067100001900085245001700104250000600121260004600127300001200173650003000185210716s2018 xx 000 0 und d a9789387067974 aeng a658.3154 RAIH aRai, Himanshu. aNegotiation. a1 aChennaibMcgraw Hill Companies,Inc.c2018 axiv,245 aHuman Resource Management